| 000 | 00503nam a22001817a 4500 | ||
|---|---|---|---|
| 008 | 191018b xxu||||| |||| 00| 0 eng d | ||
| 020 | _a9386217738 | ||
| 050 |
_aRS165 _b.S43 2014 c.1 |
||
| 100 | _aShah, Biren | ||
| 245 |
_aTextbook of Pharmacognosy and Phytochemistry / _cBiren Shah & A. K. Seth |
||
| 250 | _a2nd ed. | ||
| 260 |
_aNew Dheli: _bCBS Publishers, _c2014 |
||
| 300 | _axxii, 614p. | ||
| 650 | _aPharmacognosy | ||
| 650 | _aPhytochemistry | ||
| 700 | _aSeth, A. K. | ||
| 942 |
_2lcc _cBK |
||
| 999 |
_c17989 _d17989 |
||